Proposal on the provision of court and tribunal estate in England and Wales (Record no. 115537)
[ view plain ]
| 000 -LEADER | |
|---|---|
| fixed length control field | 01115cam a22002175a 4500 |
| 001 - CONTROL NUMBER | |
| control field | L158841 |
| 008 - FIXED-LENGTH DATA ELEMENTS--GENERAL INFORMATION | |
| fixed length control field | 150809s2015 xxk f 000 0 eng d |
| 035 ## - SYSTEM CONTROL NUMBER | |
| System control number | (Sirsi) u158841 |
| 041 0# - LANGUAGE CODE | |
| Language code of text/sound track or separate title | eng |
| 110 2# - MAIN ENTRY--CORPORATE NAME | |
| Corporate name or jurisdiction name as entry element | United Kingdom |
| Form subheading | Ministry of Justice HM Courts and Tribunal Service |
| 9 (RLIN) | 6159 |
| 245 00 - TITLE STATEMENT | |
| Title | Proposal on the provision of court and tribunal estate in England and Wales |
| Medium | [electronic resource] |
| 260 ## - PUBLICATION, DISTRIBUTION, ETC. | |
| Place of publication, distribution, etc. | London |
| Name of publisher, distributor, etc. | MoJ |
| Date of publication, distribution, etc. | 2015 |
| 520 ## - SUMMARY, ETC. | |
| Summary, etc. | Consultation on proposals to close a number of court buildings in England and Wales which are regarded as being underused and surplus to requirements as part of the HM Court and Tribunal Service's review of its real estate portfolio. Separate annexes list proposed court buildings earmarked for closure by region. |
| 521 ## - TARGET AUDIENCE NOTE | |
| Target audience note | art |
| 590 ## - LOCAL NOTE (RLIN) | |
| Local note | KA |
| 650 24 - SUBJECT ADDED ENTRY--TOPICAL TERM | |
| Topical term or geographic name entry element | COURT BUILDINGS |
| 651 #4 - SUBJECT ADDED ENTRY--GEOGRAPHIC NAME | |
| Geographic name | ENGLAND AND WALES |
| 690 ## - LOCAL SUBJECT ADDED ENTRY--TOPICAL TERM (OCLC, RLIN) | |
| Topical term or geographic name as entry element | Commercial property |
| 9 (RLIN) | 6227 |
| 856 40 - ELECTRONIC LOCATION AND ACCESS | |
| Uniform Resource Identifier | <a href="https://consult.justice.gov.uk/digital-communications/proposal-on-the-provision-of-court-and-tribunal-es">https://consult.justice.gov.uk/digital-communications/proposal-on-the-provision-of-court-and-tribunal-es</a> |
| Public note | View the item free of charge from the www.consult.justice.gov.uk website. |
| 942 ## - ADDED ENTRY ELEMENTS (KOHA) | |
| Suppress in OPAC | 0 |
| Withdrawn status | Lost status | Source of classification or shelving scheme | Damaged status | Not for loan | Home library | Current library | Shelving location | Date acquired | Total Checkouts | Full call number | Barcode | Date last seen | Copy number | Price effective from | Koha item type |
|---|---|---|---|---|---|---|---|---|---|---|---|---|---|---|---|
| Dewey Decimal Classification | Virtual | Virtual | Online | 09/08/2015 | ONLINE PUBLICATION | 158841-2001 | 06/08/2019 | 1 | 06/08/2019 | Book |